[Event "Olbia CIG U16 24th"]
[Site "Olbia"]
[Date "2016.06.27"]
[Round "2"]
[White "Faglioni, Isacco"]
[Black "Carnicelli, Valerio"]
[Result "0-1"]
[WhiteElo "1758"]
[BlackElo "2256"]
[PlyCount "74"]
[EventDate "2016.06.26"]
[EventType "swiss"]
[EventRounds "9"]
[EventCountry "ITA"]
[SourceTitle "EXT 2024"]
[Source "ChessBase"]
[SourceDate "2023.10.10"]
[SourceVersion "1"]
[SourceVersionDate "2023.10.10"]
[SourceQuality "1"]

1. Nf3 Nf6 2. g3 g6 3. Bg2 Bg7 4. b3 0-0 5. 0-0 d6 6. Bb2 e5 7. d3 Nc6 8. c4 Nh5 9. Nc3 f5 10. Nd2 Be6 11. Rb1 Qd7 12. Nd5 Nd8 13. Nf3 c6 14. Nb4 Qe7 15. e4 f4 16. d4 Nf7 17. Nd3 Rad8 18. Qc2 Bg4 19. Rbe1 b6 20. dxe5 dxe5 21. gxf4 Rxd3 22. Qxd3 Nxf4 23. Qc3 Rd8 24. Re3 Qe6 25. Rfe1 Bh3 26. Nh4 Bxg2 27. Nxg2 Qg4 28. Rg3 Ne2+ 29. Kf1 Nxg3+ 30. Qxg3 Qd7 31. Qc3 Ng5 32. Re3 Ne6 33. Ne1 Nf4 34. Qc2 Qg4 35. Bc1 Qh5 36. Nf3 Qh3+ 37. Ke1 Qg2 0-1